| 000 | 01144pam a22002054a 4500 | ||
|---|---|---|---|
| 020 | _a0130488798 (alk. paper) | ||
| 082 | 0 | 0 |
_a624.1773 _bSCH _cDonation |
| 100 | 1 |
_aSchodek, Daniel L., _91389 |
|
| 245 | 1 | 0 |
_aStructures / _cDaniel L. Schodek. |
| 250 | _a4th ed. | ||
| 260 |
_aUpper Saddle River, N.J. : _bPearson/Prentice Hall, _cc2001. |
||
| 300 |
_axvi, 581 p. : _bill. ; _c25 cm. + |
||
| 500 | _aIncludes index. | ||
| 520 | 1 | _a"This text contains coverage of all the major topics of structural analysis in both a qualitative and quantitative manner. It is a useful resource for architects, constructors, and engineers, and is a great teaching tool for many courses at the graduate and undergraduate levels. This presentation of physical principles founded in the field of mechanics can be used by designers and builders as an aid to understanding the behavior of existing structural forms and in devising new approaches."--BOOK JACKET. | |
| 526 |
_a0 _b0 _c0 _d624_177300000000000_SCH |
||
| 526 |
_a0 _b0 _c0 _d624_177300000000000_SCH |
||
| 650 | 0 |
_aStructural analysis (Engineering) _9654 |
|
| 650 | 0 | _aStructural design. | |
| 942 |
_2ddc _cBK |
||
| 999 |
_c541476 _d541476 |
||